| 000 | 00386nam a22001457a 4500 | ||
|---|---|---|---|
| 999 |
_c15516 _d15516 |
||
| 003 | OSt | ||
| 008 | 180829b ||||| |||| 00| 0 eng d | ||
| 082 |
_a664.0282 _bKNI/TH |
||
| 100 |
_aKnipe, C. Lynn _93286 |
||
| 245 | _aThermal processing of ready to eat meat products | ||
| 260 |
_aNew Delhi _bWiley blackwell _cc2010 |
||
| 300 | _a237 | ||
| 700 |
_aRust, Robert .E _93287 |
||
| 942 | _cBK | ||